000 01352nam1a2200301 i 4500
001 RU\NLR\bibl\1499182
005 20260607063318.0
035 _a(NLR Aleph) 001490650
090 _a1761472
_c1761472
100 _a20100414g20092009u y0rusy50 ca
101 0 _arus
102 _aRU
105 _a||||z |||||
200 1 _aЦарство зверя
_eтрилогия
_fД.С. Мережковский
_g[послесл. О.Н. Михайлова
_gприм. Е. Любимовой
_gавт. проекта Лариса Александровна Черниченко, лауреат премии мэрии Москвы]
210 _aМосква
_cСинергия
_cМосковские учебники
_d2009
215 _d21
225 1 _aНовая школьная библиотека
_fавт. проекта и гл. ред. Эрнст Александрович Бессмертных, д.чл. Акад. пед. и социал. наук
463 0 _10011378059
463 0 _10011377928
686 _aШ9(2)62=Р7-4
700 1 _4070
_7ca
_8rus
_aМережковский
_bД. С.
_f1866-1941
_gДмитрий Сергеевич
_92622
_3RU\NLR\auth\7719550
801 0 _aRU
_bNLR
_c20100414
_gRCR
801 1 _aRU
_bNLR
_c20100414
852 _aNLR
_j2009-3/18243
942 _cBOOK